000 00780nam a2200217 4500
001 143086
003 ES-MaACL
005 20230906200722.0
007 t|
008 070214s1969 sp r ||||1| spa d
111 2 _aSemana de Borja (
_cZaragoza (
_d1969) (
_n. 1ª)
_9220845
245 1 0 _aPrimera Semana de Borja en Zaragoza
_b: Palacio Provincial, 17 al 22 de febrero de 1969 : Teatro Cervantes de Borja, 23 febrero de 1969.
260 _aZaragoza :
_bCentro de Estudios Borjanos,
_c1969.
300 _a129 p. ;
_c21 cm.
490 1 _aCentro de Estudios Borjanos ;
_v1
710 2 _aCentro de Estudios Borjanos.
_92616
830 0 0 _aColección "Monografías CESBOR"
_v1
_9233869
852 _aES-MaACL
_jC-36778
_bR.71248
942 _2udc
999 _c143086
_d143086